Traité d'électricité et de magnétisme / (Record no. 159217)

MARC details
000 -LEADER
campo de control de longitud fija 00787nam a22002055i 4500
001 - NÚMERO DE CONTROL
campo de control 159217
003 - IDENTIFICADOR DE NÚMERO DE CONTROL
campo de control ES-MaACL
005 - FECHA Y HORA DE LA ÚLTIMA TRANSACCIÓN
campo de control 20250725062543.0
008 - DATOS DE LONGITUD FIJA--INFORMACIÓN GENERAL
campo de control de longitud fija 981005s1885 fr |||| | fre d
040 ## - FUENTE DE CATALOGACIÓN
Centro catalogador/agencia de origen CAM
Lengua de catalogación spa
Centro/agencia transcriptor CAM
100 1# - ENTRADA PRINCIPAL--NOMBRE DE PERSONA
Nombre de persona Maxwell, J. Clerk.
9 (RLIN) 129750
245 10 - MENCIÓN DEL TÍTULO
Título Traité d'électricité et de magnétisme /
Mención de responsabilidad, etc. par J. ClerK Maxwell; traduit de l'anglais sur la deuxième édition par G. Séligmann-Lui ...
260 ## - PUBLICACIÓN, DISTRIBUCIÓN, ETC.
Lugar de publicación, distribución, etc. Paris :
Nombre del editor, distribuidor, etc. Gauthier-Villars,
Fecha de publicación, distribución, etc. 1885.
300 ## - DESCRIPCIÓN FÍSICA
Extensión 2 v. ;
Dimensiones 22 cm.
597 #1 - NOTA DE DESCRIPCIÓN FÍSICA
NOTA DE DESCRIPCIÓN FÍSICA Vol. I (XX, 578 p.) -- Vol. II (650 p.)
650 07 - PUNTO DE ACCESO ADICIONAL DE MATERIA--TÉRMINO DE MATERIA
Término de materia o nombre geográfico como elemento de entrada Física
Fuente del encabezamiento o término embne
9 (RLIN) 12877
700 11 - ENTRADA AGREGADA--NOMBRE PERSONAL
Nombre de persona Séligmann-Lui, G.,
Término indicativo de función/relación
9 (RLIN) 133095
852 ## - LOCALIZACIÓN
Ubicación ES-MaACL
Número de control de estantería B-4476-4477
Nota libre -- Enc. pasta española
Encuadernación -- Edic: T260: El segundo vol. publicado en 1889
Holdings
Estatus retirado Estado de pérdida Estado de daño No para préstamo Colección Biblioteca de origen Biblioteca actual Ubicación en estantería Fecha de adquisición Fuente de adquisición Total de préstamos Signatura topográfica completa Código de barras Visto por última vez Precio de reemplazo Tipo de ítem Koha
        Libros del s. XIX Biblioteca del Ateneo de Madrid Biblioteca del Ateneo de Madrid Sala Pardo Bazán 17/01/2008     B-4476-4477 1166675 23/02/2023 23/02/2023 Libro impreso antiguo